000 00292nam a2200145Ia 4500
100 _aSudha Murthy
650 _aFiciton
942 _cBK
366 _f20
245 _aThe oldman and his God
260 _bPenquin books
_aMumbai
_c2006
300 _a131
546 _aENGLISH
999 _c28468
_d28468